| 000 | 00694 a2200193 4500 | ||
|---|---|---|---|
| 020 | _a0471815187 | ||
| 020 | _a9780471815181 | ||
| 082 | _a530.13 | ||
| 090 |
_c1116 _d1116 |
||
| 100 | 1 | _aHuang, Kerson. | |
| 245 | 1 | 0 |
_aStatistical mechanics, 2nd edition / _cKerson Huang. |
| 250 | _a2nd ed. | ||
| 260 |
_a[S.l.] : _bWiley, _c2005. |
||
| 300 |
_a493 p. ; _c23 cm. |
||
| 700 | _aHuang, Kerson. | ||
| 942 |
_aSNS _cBK _k530.13 HUA |
||
| 999 |
_c29731 _d29731 |
||